Hacienda Pública I : teoría de presupuesto y gasto público
Guardat en:
| Autor principal: | |
|---|---|
| Altres autors: | |
| Format: | Desconegut |
| Idioma: | anglès espanyol |
| Publicat: |
Madrid
Pearson Educación S.A.
2010
|
| Edició: | Segunda edición |
| Matèries: | |
| Etiquetes: |
Afegir etiqueta
Sense etiquetes, Sigues el primer a etiquetar aquest registre!
|
MARC
| LEADER | 00000 a2200000 4500 | ||
|---|---|---|---|
| 003 | CL-VaPUC | ||
| 005 | 20250505102432.0 | ||
| 008 | 200106b ||||| |||| 00| 0 eng d | ||
| 999 | |c 375977 |d 375975 | ||
| 020 | |a 9788490354957 | ||
| 040 | |c Pontificia Universidad Católica de Valparaíso | ||
| 041 | 0 | |a spa | |
| 082 | |a 351.0546 PAN 2010 | ||
| 100 | 1 | |a Paniagua Soto, Francisco J. |9 604917 | |
| 245 | 1 | 0 | |a Hacienda Pública I : |b teoría de presupuesto y gasto público |
| 250 | |a Segunda edición | ||
| 260 | 3 | |b Pearson Educación S.A. |c 2010 |a Madrid | |
| 300 | |a 417 p | ||
| 505 | 0 | |a Parte I. Conceptos básicos de la Hacienda Pública. Parte II. Funciones de la hacienda pública. Parte III. Elección colectiva. Parte IV. Teoría del gasto público. Parte V. Diferentes niveles de la Hacienda Pública. | |
| 583 | |k Hugo Gaete |c 20200106 | ||
| 650 | 0 | 0 | |a CUENTAS NACIONALES |9 344474 |
| 650 | 0 | 0 | |a Hacienda pública |9 258673 |
| 700 | 1 | |a Reyes Navarro, Pascual |9 605082 | |
| 942 | |2 ddc |c BK | ||
| 952 | |0 0 |1 0 |2 ddc |4 0 |6 351_054600000000000_PAN_2010 |7 0 |9 495167 |a BIBDER |b BIBDER |d 2019-12-26 |e 36 |g 25137.00 |i 557076K |o 351.0546 PAN 2010 |p 557076K |r 2023-01-25 |t 1 |v 25137.00 |w 2019-12-26 |y BK |k DER | ||